Je vám Slovensko malé? Exportujte
Zapájanie sa jednotlivých spoločností do medzinárodného obchodu a rozširovanie aktivít do zahraničia, či už samostatne alebo s pomocou štátu a jeho organizácií.
Uložené v:
| Hlavný autor: | |
|---|---|
| Médium: | Kapitola |
| Jazyk: | Slovak |
| Predmet: | |
| Tagy: |
Žiadne tagy, Buďte prvý, kto otaguje tento záznam!
|
MARC
| LEADER | 00000naa a2200000 4500 | ||
|---|---|---|---|
| 001 | 0169056 | ||
| 005 | 20240502072934.9 | ||
| 041 | 0 | |a slo | |
| 044 | |a SK | ||
| 245 | 1 | 0 | |a Je vám Slovensko malé? Exportujte |c Peter Reťkovský |
| 520 | |a Zapájanie sa jednotlivých spoločností do medzinárodného obchodu a rozširovanie aktivít do zahraničia, či už samostatne alebo s pomocou štátu a jeho organizácií. | ||
| 610 | 2 | 0 | |a podnikanie medzinárodné |
| 610 | 2 | 0 | |a obchod medzinárodný |
| 610 | 2 | 0 | |a spoločnosti obchodné |
| 610 | 2 | 0 | |a styk zahraničnoobchodný |
| 610 | 2 | 0 | |a trh zahraničný |
| 610 | 2 | 0 | |a vývoz |
| 100 | 1 | |a Reťkovský, Peter | |